000
00356nam a2200169Ia 4500
003
0100
008
130303s9999 xx 000 0 und d
040
_c
ARRUPELIB
050
_a
PZ4.G954Or1976
100
_a
Guest, Judith
245
_a
Ordinary People
260
_a
NY
260
_b
Ballantine Books
260
_C
1976
300
_a
245p
942
0
0
_0
1
999
_c
29052
_d
29052